Chaînes d'acteurs et de films - #2 - Statistiques

Statistiques générales
  • Ce quiz a été pris 421 fois
  • Le résultat moyen est 6 sur 17
Statistiques - réponses
Hin Réponse % Correct
7 Emma Watson
70%
7 Saga Harry Potter
68%
7 Bruce Willis
63%
3 Black Swan
62%
1 The Dark Knight Rises
53%
2 Interstellar
46%
4 Inglourious Basterds
45%
1 Dunkerque
43%
7 Le Cinquième Élément
42%
3 Star Wars Épisodes I, II et III
41%
6 Jude Law
37%
4 Insaisissables
23%
5 Philippe Katerine
11%
2 Thor : Ragnarok / Margaret
11%
6 Tonnerre sous les tropiques
11%
6 Bienvenue à Gattaca
10%
5 Vidocq / Les Clefs de bagnole
7%
Aucun quiz correspondant
Distribution des résultats
% des personnes avec chaque résultat
Percentile par nombre de réponses
Votre historique - résultats
Vous n’avez pas pris ce quiz